00000000nam##2200000za#4500
0019.630394
003CaOODSP
00520210624213823
007cr |||||||||||
008150407|1999||||xxc|||||o    f|0| 0 fre|d
040 |aCaOODSP|bfre
043 |an-cn---
0861 |aP75-14/1999F-IN
1101 |aCanada.|bTravaux publics et Services gouvernementaux Canada.|bDirection générale de la vérification et de l'examen.
24510|aExamen de l'Environnement automatisé de l'acheteur (ABE) - intégrité des données et de la fonctionnalité |h[ressource électronique]
260 |aOttawa - Ontario : |bTravaux publics et Services gouvernementaux Canada. |c1999.
300 |a36p. (2757 kb)
590 |a00-40|b2000-10-06
69107|aCommerce électronique|2gcpds
69107|aAchat|2gcpds
69107|aInformation|2gcpds
77508|tReview of Automated Buyer Environment (ABE) - data integrity and functionality |w(CaOODSP)9.685809
85640|ahttp://publications.gc.ca|qPDF|s2757 KB|uhttps://publications.gc.ca/collections/Collection/P75-14-1999F.pdf
020 |a0-662-85073-4